| 000 | 00537nam a22001817a 4500 | ||
|---|---|---|---|
| 999 |
_c524785 _d524785 |
||
| 003 | NUST | ||
| 038 | _aFaiza | ||
| 082 |
_a891.421 _bSOF |
||
| 100 |
_aSofi, Mushtaq _915576 |
||
| 245 |
_aBar dy Geet / _cMushtaq Sofi |
||
| 260 |
_aLahore : _bPakistan Punjabi adabi Board, _c1984. |
||
| 300 | _a199 p. ; | ||
| 500 | _apaper cover. | ||
| 880 |
_6100-01\r _aمشتاق صوفی |
||
| 880 |
_6245-02\r _aباردے گیت / |
||
| 880 |
_6260-03\r _aلاہور : _bپاکستان پنجابی ادبی بورڈ, _c۱۹۸۴. |
||
| 942 |
_2ddc _cBK |
||